000 00448nam a22001697a 4500
999 _c23792
_d23792
003 BDDh-ASL
005 20231015030304.0
008 210405s1958 enk||||| |||| 00| 0 eng d
040 _aBDDh-ASL
_cBDDh-ASL
082 _a922.9163
_bHEL
100 1 _93624
_aHenshaw, T.
245 1 4 _aThe Latter Prophets /
260 _aLondon:
_bGeorge Allen & Unwin Ltd.,
_c1958.
300 _a341 p. :
_c22 cm.
650 0 _91339
_aBiography
942 _2ddc
_cBK